[Event "Frankfurt Ch 2010"]
[Site "Ffm-Kalbach, LAZ"]
[Date "2010.06.14"]
[Round "7.1"]
[White "Solonar, Stefan"]
[Black "Isserman, Ryhor"]
[Result "1/2-1/2"]
[WhiteElo "2338"]
[BlackElo "2296"]
[PlyCount "57"]
[EventDate "2010.??.??"]
[SourceDate "2009.03.13"]
[WhiteTeam "SC Heusenstamm"]
[BlackTeam "SK Bad Homburg 1927"]

1. c4 g6 2. Nf3 c5 3. d4 Bg7 4. Nc3 cxd4 5. Nxd4 Nc6 6. Nc2 Bxc3+ 7. bxc3 Qa5
8. Bd2 Nf6 9. f3 O-O 10. e4 b6 11. Be2 Bb7 12. Nb4 Rac8 13. Nd5 Ba6 14. O-O
Nxd5 15. cxd5 Qc5+ 16. Kh1 Bxe2 17. Qxe2 Ne5 18. a4 Kg7 19. Bf4 Nc4 20. Rfb1 e5
21. Bg3 f5 22. a5 fxe4 23. Qxe4 b5 24. Bxe5+ Nxe5 25. Qxe5+ Kg8 26. Qd4 a6 27.
Re1 Qxd4 28. cxd4 Rf5 29. Re5 1/2-1/2

[Event "Frankfurt Ch 2010"]
[Site "Ffm-Kalbach, LAZ"]
[Date "2010.06.14"]
[Round "7.2"]
[White "Reschke, Stefan"]
[Black "Chandler, Patrick"]
[Result "1/2-1/2"]
[WhiteElo "2370"]
[BlackElo "2265"]
[PlyCount "85"]
[EventDate "2010.??.??"]
[SourceDate "2009.03.13"]
[WhiteTeam "VSG 1880 Offenbach"]
[BlackTeam "VSG 1880 Offenbach"]

1. Nf3 Nf6 2. c4 g6 3. b3 Bg7 4. Bb2 d6 5. d4 O-O 6. Nc3 Nbd7 7. e3 e5 8. dxe5
dxe5 9. Be2 c6 10. O-O Re8 11. Qc2 Qc7 12. Nd2 Nc5 13. b4 Ne6 14. c5 Rd8 15.
Nc4 b6 16. cxb6 axb6 17. b5 Nc5 18. Nd2 Bf5 19. e4 Bd7 20. bxc6 Bxc6 21. f3 Ne6
22. Nb3 Ba4 23. Qb1 Bxb3 24. axb3 Nd4 25. Rxa8 Rxa8 26. Bc4 b5 27. Bd5 Rd8 28.
b4 Bf8 29. Ba1 Qa7 30. Kh1 Qa3 31. f4 exf4 32. Nxb5 Nxb5 33. Bxf6 Rc8 34. Bb2
Qxb4 35. Rxf4 Nd6 36. Rf2 Bg7 37. Qa1 Bxb2 38. Rxb2 Qc3 39. Rb1 Qxa1 40. Rxa1
Re8 41. Ra7 Kh8 42. h3 f6 43. Ra6 1/2-1/2

[Event "Frankfurt Ch 2010"]
[Site "Ffm-Kalbach, LAZ"]
[Date "2010.06.14"]
[Round "7.3"]
[White "Kreiling, Carsten"]
[Black "Rapoport, Vladimir"]
[Result "1/2-1/2"]
[WhiteElo "2126"]
[BlackElo "2303"]
[PlyCount "56"]
[EventDate "2010.??.??"]
[SourceDate "2009.03.13"]
[WhiteTeam "SVG Eppstein 1932"]
[BlackTeam "SC Heusenstamm"]

1. d4 Nf6 2. c4 c5 3. e3 e6 4. Nf3 Be7 5. Nc3 d5 6. dxc5 Bxc5 7. a3 O-O 8. b4
Be7 9. Bb2 a5 10. b5 dxc4 11. Bxc4 Qc7 12. Qe2 Nbd7 13. Na4 Nb6 14. Nxb6 Qxb6
15. O-O Rd8 16. Rfd1 Bd7 17. a4 Be8 18. Nd2 Rd7 19. Nb3 Rxd1+ 20. Rxd1 Rd8 21.
Rxd8 Qxd8 22. Bc3 b6 23. Bd4 Nd7 24. e4 e5 25. Be3 Qc7 26. Bd5 Qc3 27. Qc4 Qe1+
28. Qf1 Qb4 1/2-1/2

[Event "Frankfurt Ch 2010"]
[Site "Ffm-Kalbach, LAZ"]
[Date "2010.06.14"]
[Round "7.4"]
[White "Wege, Jochen"]
[Black "Röschlau, Bernd"]
[Result "1-0"]
[WhiteElo "2277"]
[BlackElo "2226"]
[PlyCount "45"]
[EventDate "2010.??.??"]
[SourceDate "2009.03.13"]
[WhiteTeam "SC Brett vor'm Kopp Ffm"]
[BlackTeam "SC Brett vor'm Kopp Ffm"]

1. a3 g6 2. e4 Bg7 3. d4 d6 4. Nc3 Nf6 5. h3 O-O 6. Nf3 c5 7. Be3 Qa5 8. Qd2
Nc6 9. d5 Nb4 10. Rb1 Na6 11. Be2 Bd7 12. O-O Rfc8 13. e5 dxe5 14. Nxe5 Rd8 15.
Bf4 Re8 16. Rfe1 Rac8 17. Rbd1 Nb8 18. Qe3 a6 19. g4 b5 20. g5 Bxh3 21. Qxh3 b4
22. gxf6 exf6 23. Nc4 1-0

[Event "Frankfurt Ch 2010"]
[Site "Ffm-Kalbach, LAZ"]
[Date "2010.06.14"]
[Round "7.5"]
[White "Poetsch, Hagen"]
[Black "Engel, Berthold"]
[Result "1-0"]
[WhiteElo "2366"]
[BlackElo "2226"]
[PlyCount "65"]
[EventDate "2010.??.??"]
[SourceDate "2009.03.13"]
[WhiteTeam "VSG 1880 Offenbach"]
[BlackTeam "SC Brett vor'm Kopp Ffm"]

1. e4 Nc6 2. d4 d5 3. exd5 Qxd5 4. Nf3 e5 5. Nc3 Bb4 6. Bd2 Bxc3 7. Bxc3 exd4
8. Nxd4 Nxd4 9. Qxd4 Qxd4 10. Bxd4 Nf6 11. Bc4 O-O 12. O-O-O Be6 13. Bxe6 fxe6
14. Rhe1 Kf7 15. Be5 Rac8 16. Rd3 Rfe8 17. Red1 Re7 18. h3 h6 19. g4 b6 20. c4
Ke8 21. b4 Ne4 22. Re1 Nd6 23. Rd4 b5 24. cxb5 Nxb5 25. Rc4 Rd8 26. a4 Nd6 27.
Rc6 Kf7 28. Rd1 Red7 29. b5 g6 30. Kc2 Ke7 31. Kb3 Rc8 32. Bxd6+ Rxd6 33. Rdxd6
1-0

[Event "Frankfurt Ch 2010"]
[Site "Ffm-Kalbach, LAZ"]
[Date "2010.06.14"]
[Round "7.6"]
[White "Schwenkreis, Thomas"]
[Black "Schramm, Christian"]
[Result "0-1"]
[WhiteElo "2092"]
[BlackElo "2322"]
[PlyCount "82"]
[EventDate "2010.??.??"]
[SourceDate "2009.03.13"]
[WhiteTeam "SC Brett vor'm Kopp Ffm"]
[BlackTeam "SC 1959 Obernau"]

1. e4 g6 2. d4 Bg7 3. Nc3 a6 4. Be3 b5 5. Qd2 Bb7 6. f3 d6 7. a4 b4 8. Nd1 a5
9. c3 Na6 10. Nh3 h6 11. Bd3 e6 12. O-O Ne7 13. Ndf2 bxc3 14. bxc3 Nb8 15. Ng4
h5 16. Ngf2 Nd7 17. Ng5 d5 18. Nfh3 e5 19. Qa2 O-O 20. g4 exd4 21. cxd4 hxg4
22. fxg4 Nf6 23. Qf2 Nxg4 24. Qh4 Nh6 25. e5 Ba6 26. Bxa6 Rxa6 27. Nxf7 Nxf7
28. Bg5 Re6 29. Nf4 Nxg5 30. Qxg5 Rb6 31. Qg4 Qc8 32. Qg2 Qb7 33. Qg5 c5 34.
Rae1 Rf5 35. Qg4 cxd4 36. Nd3 Rxf1+ 37. Rxf1 Nf5 38. Nc5 Qc8 39. e6 Qxc5 40.
Qxg6 Qe7 41. Rc1 Qxe6 0-1

[Event "Frankfurt Ch 2010"]
[Site "Ffm-Kalbach, LAZ"]
[Date "2010.06.14"]
[Round "7.7"]
[White "Zuyev, Igor"]
[Black "Benninger, Rudolf"]
[Result "1-0"]
[WhiteElo "2329"]
[BlackElo "2140"]
[PlyCount "71"]
[EventDate "2010.??.??"]
[SourceDate "2009.03.13"]
[WhiteTeam "SC Ladja Roßdorf"]
[BlackTeam "SC Heusenstamm"]

1. e4 g6 2. d4 Bg7 3. Nc3 c6 4. Nf3 d5 5. h3 Nh6 6. Bd3 O-O 7. O-O f6 8. Ne2
Na6 9. c3 Nc7 10. Bd2 Nf7 11. Qb3 e5 12. Ng3 b6 13. a4 Be6 14. Qc2 Qd7 15. Be2
Rac8 16. Rfd1 Qe7 17. c4 dxe4 18. Qxe4 f5 19. Qc2 exd4 20. a5 c5 21. Bd3 Qd6
22. b4 Ne5 23. Nxe5 Bxe5 24. Rf1 Bf4 25. Bxf4 Qxf4 26. Ne2 Qd6 27. Qb3 f4 28.
axb6 axb6 29. Be4 b5 30. bxc5 Qxc5 31. Qb2 Bxc4 32. Rfd1 Bxe2 33. Qxe2 Nd5 34.
Qa2 Rcd8 35. Rac1 Qd6 36. Rxd4 1-0

[Event "Frankfurt Ch 2010"]
[Site "Ffm-Kalbach, LAZ"]
[Date "2010.06.14"]
[Round "7.8"]
[White "Faqiry, Ramat"]
[Black "Uwira, Oliver"]
[Result "0-1"]
[WhiteElo "1977"]
[BlackElo "2230"]
[PlyCount "96"]
[EventDate "2010.??.??"]
[SourceDate "2009.03.13"]
[WhiteTeam "SK Bad Homburg 1927"]
[BlackTeam "SC 1961 König Nied"]

1. d4 Nf6 2. c4 c5 3. dxc5 Na6 4. e3 Nxc5 5. Nf3 g6 6. b4 Nce4 7. Bb2 Bg7 8.
Nbd2 Nxf2 9. Kxf2 Ng4+ 10. Kg3 Qc7+ 11. Kxg4 d5+ 12. Kh4 Bxb2 13. g4 g5+ 14.
Kh3 h5 15. Kg2 hxg4 16. Nd4 Qe5 17. Rb1 Bxd4 18. exd4 Qxd4 19. Qc2 dxc4 20.
Bxc4 Bd7 21. b5 Rc8 22. Qb2 Qxb2 23. Rxb2 Bf5 24. Rf1 e6 25. Be2 Rc3 26. b6
axb6 27. Rxb6 Rc2 28. Bb5+ Kf8 29. Rd6 Rxa2 30. Rf2 Kg7 31. Bd3 Bxd3 32. Rxd3
Rb2 33. Rd7 Rf8 34. Ne4 Rxf2+ 35. Kxf2 Kg6 36. Rxb7 Rd8 37. Rb5 f5 38. Nc5 Rd2+
39. Kg1 Rd5 40. Ra5 f4 41. Nb7 Rd1+ 42. Kf2 Rd2+ 43. Kg1 f3 44. Ra6 Re2 45. Nc5
Kf5 46. Nd3 Rg2+ 47. Kh1 Rd2 48. Ra5+ Kf6 0-1

[Event "Frankfurt Ch 2010"]
[Site "Ffm-Kalbach, LAZ"]
[Date "2010.06.14"]
[Round "7.9"]
[White "Heidel, Andre Nicolas"]
[Black "Bösch, Dirk"]
[Result "1/2-1/2"]
[WhiteElo "2152"]
[BlackElo "2059"]
[PlyCount "92"]
[EventDate "2010.??.??"]
[SourceDate "2009.03.13"]
[WhiteTeam "Ratinger SK 1950"]
[BlackTeam "SC Brett vor'm Kopp Ffm"]

1. d4 d5 2. Nf3 Nf6 3. c4 c6 4. e3 a6 5. Bd3 Bg4 6. cxd5 cxd5 7. Qb3 Qc7 8.
Nbd2 Nbd7 9. Ne5 Nxe5 10. dxe5 Nd7 11. Qa4 Bh5 12. e6 fxe6 13. Nb3 Kf7 14. Bd2
Nf6 15. Rc1 Qd7 16. Qf4 g5 17. Qe5 Qd6 18. Qxd6 exd6 19. Rc7+ Be7 20. Rxb7 Rhb8
21. Rxb8 Rxb8 22. f3 Bg6 23. Bxa6 Ra8 24. Bb5 Rxa2 25. Bc3 Ra8 26. Nc1 Rb8 27.
Ba4 Ra8 28. b3 e5 29. Kd2 Ke6 30. Ne2 Be8 31. Ra1 Bxa4 32. Rxa4 Rb8 33. Kc2 Nd7
34. Rb4 Rc8 35. Kb2 Bd8 36. Rb7 Bb6 37. Bd2 Bd8 38. b4 Nb6 39. Kb3 Nc4 40. Bc1
Bb6 41. e4 Be3 42. Bxe3 Nxe3 43. Rxh7 d4 44. Rh6+ Ke7 45. Rh7+ Ke6 46. Rh6+ Ke7
1/2-1/2

[Event "Frankfurt Ch 2010"]
[Site "Ffm-Kalbach, LAZ"]
[Date "2010.06.14"]
[Round "7.10"]
[White "Wahedi, Ahmad Siar"]
[Black "Schlößner, Henrik"]
[Result "1-0"]
[WhiteElo "2298"]
[BlackElo "2043"]
[PlyCount "151"]
[EventDate "2010.??.??"]
[SourceDate "2009.03.13"]
[WhiteTeam "SC Steinbach"]
[BlackTeam "SV Kinzigtal"]

1. e4 c6 2. d4 d5 3. Nc3 dxe4 4. Nxe4 Nd7 5. Bc4 Ngf6 6. Ng5 e6 7. N1f3 Nb6 8.
Bd3 Bd6 9. c4 c5 10. dxc5 Bxc5 11. Ne5 Bxf2+ 12. Ke2 Bc5 13. Ngxf7 Qd4 14. Rf1
O-O 15. Rf4 Qg1 16. Qxg1 Bxg1 17. Bd2 Bxh2 18. Rh4 Bxe5 19. Nxe5 g6 20. Bb4 Re8
21. Rf1 Nbd7 22. Nxg6 hxg6 23. Bxg6 e5 24. Bxe8 Nxe8 25. Rg4+ Ng7 26. Rg5 a5
27. Bd6 Ra6 28. c5 Rc6 29. Rf3 Nxc5 30. Rf8+ Kh7 31. Bxc5 Rxc5 32. Rf7 Rc2+ 33.
Ke3 Rxb2 34. Rfxg7+ Kh6 35. R5g6+ Kh5 36. Rg3 Kh4 37. R3g6 Kh5 38. Kf3 e4+ 39.
Kxe4 Rxa2 40. Rg3 Kh4 41. Rc3 Bg4 42. Rh7+ Kg5 43. Rg7+ Kh4 44. g3+ Kh3 45.
Rxb7 Ra4+ 46. Ke5 Ra2 47. Rh7+ Kg2 48. Rg7 Ra4 49. Rf7 Rb4 50. Rf4 Rb5+ 51. Kf6
Kh3 52. Ra4 Rf5+ 53. Kg6 Rb5 54. Raa3 Bh5+ 55. Kf6 Bg4 56. Re3 Rf5+ 57. Ke7 Rb5
58. Kd6 Rf5 59. Re5 Rf6+ 60. Ke7 Ra6 61. Ra4 Bd1 62. Rd4 Bb3 63. g4 a4 64. g5
Kg3 65. Rb5 Rg6 66. Rd6 Rg7+ 67. Kf6 Rf7+ 68. Kg6 Rf3 69. Kg7 Rf7+ 70. Kh6 Rf3
71. Ra5 Kf2 72. Rf6 Ke2 73. Rxf3 Kxf3 74. g6 Ke3 75. g7 Kd3 76. Rxa4 1-0

[Event "Frankfurt Ch 2010"]
[Site "Ffm-Kalbach, LAZ"]
[Date "2010.06.14"]
[Round "7.11"]
[White "Brüggemann, Ludger"]
[Black "Donchenko, Irina"]
[Result "1-0"]
[WhiteElo "2188"]
[BlackElo "2058"]
[PlyCount "81"]
[EventDate "2010.??.??"]
[SourceDate "2009.03.13"]
[WhiteTeam "SF Olfen 1975"]
[BlackTeam "SK 1858 Gießen"]

1. e4 c5 2. Nc3 Nc6 3. g3 g6 4. Bg2 Bg7 5. d3 d6 6. Be3 Nd4 7. Qd2 e6 8. Nd1
Ne7 9. c3 Ndc6 10. f4 Qa5 11. Nf3 Rb8 12. O-O O-O 13. Qf2 e5 14. fxe5 Nxe5 15.
Nxe5 Bxe5 16. Bh6 Be6 17. Bxf8 Rxf8 18. Ne3 Bg7 19. Nd5 Nxd5 20. exd5 Bf5 21.
Be4 Bh3 22. Rfe1 Qb5 23. Qd2 a5 24. Bf3 Bf5 25. Rad1 Qa4 26. Re7 b5 27. b3 Qa3
28. g4 Bc8 29. Rde1 c4 30. Re8 cxb3 31. axb3 Qxb3 32. Rxf8+ Bxf8 33. Re8 Bd7
34. Rd8 Kg7 35. Rxd7 a4 36. d4 Qb1+ 37. Kg2 a3 38. Qf4 a2 39. Qxf7+ Kh6 40.
Qf4+ g5 41. Qxf8+ 1-0

[Event "Frankfurt Ch 2010"]
[Site "Ffm-Kalbach, LAZ"]
[Date "2010.06.14"]
[Round "7.12"]
[White "Hierling, Stefan"]
[Black "Prudlo, Simon"]
[Result "0-1"]
[WhiteElo "2059"]
[BlackElo "2251"]
[PlyCount "77"]
[EventDate "2010.??.??"]
[SourceDate "2009.03.13"]
[WhiteTeam "SK 1927 Dieburg"]
[BlackTeam "SC Heusenstamm"]

1. e4 e6 2. d4 d5 3. exd5 exd5 4. Nf3 Bd6 5. h3 Nf6 6. Bd3 O-O 7. O-O Re8 8.
Re1 Rxe1+ 9. Qxe1 Nbd7 10. Be3 Nf8 11. Nbd2 Ng6 12. c3 Bd7 13. Qd1 Nf4 14. Bf1
Qe8 15. a4 a5 16. Qc2 Qc8 17. Bxf4 Bxf4 18. Re1 g6 19. Ne5 Bxa4 20. Qxa4 Bxd2
21. Re2 Bf4 22. Nf3 Qd7 23. Qb3 c6 24. g3 a4 25. Qc2 Bd6 26. Ne1 b5 27. Nd3 h5
28. Re1 Kg7 29. Bg2 Re8 30. Qd1 Ne4 31. Re3 a3 32. Qa1 Qf5 33. bxa3 Ra8 34. Rf3
Qg5 35. Nb4 Qd2 36. Nxc6 Rxa3 37. Qf1 Nxc3 38. Nd8 Ne2+ 39. Kh1 0-1

[Event "Frankfurt Ch 2010"]
[Site "Ffm-Kalbach, LAZ"]
[Date "2010.06.14"]
[Round "7.13"]
[White "Kaliski, Erwin"]
[Black "Poetsch, Gero"]
[Result "1-0"]
[WhiteElo "2266"]
[BlackElo "2015"]
[PlyCount "71"]
[EventDate "2010.??.??"]
[SourceDate "2009.03.13"]
[WhiteTeam "SC Bad Nauheim"]
[BlackTeam "SC Nidderau"]

1. e4 e6 2. d4 d5 3. Nd2 Nf6 4. e5 Nfd7 5. f4 c5 6. Ndf3 cxd4 7. Nxd4 Nc6 8.
Ngf3 Bc5 9. c3 Nxd4 10. cxd4 Qa5+ 11. Kf2 Be7 12. Bd3 f6 13. Rf1 Nb8 14. Bxh7
Rxh7 15. Qc2 Nc6 16. Qxh7 fxe5 17. fxe5 Qb6 18. Qh8+ Bf8 19. Qh5+ Kd8 20. Bg5+
Kc7 21. Qe8 Qxb2+ 22. Kg1 Qa3 23. Rfc1 Kb8 24. Rab1 Bb4 25. Rxc6 bxc6 26. Bc1
Qa4 27. a3 Qd1+ 28. Kf2 Qc2+ 29. Nd2 a5 30. axb4 a4 31. b5 c5 32. b6 Kb7 33.
Qe7+ Bd7 34. Qxd7+ Ka6 35. Qb5+ Kb7 36. Qxc5 1-0

[Event "Frankfurt Ch 2010"]
[Site "Ffm-Kalbach, LAZ"]
[Date "2010.06.14"]
[Round "7.14"]
[White "Janke, Christian"]
[Black "Kabir, Rezaul"]
[Result "1-0"]
[WhiteElo "1859"]
[BlackElo "2083"]
[PlyCount "113"]
[EventDate "2010.??.??"]
[SourceDate "2009.03.13"]
[WhiteTeam "SV Spr.Siershahn"]
[BlackTeam "Sfr. Frankfurt 1921"]

1. e4 e6 2. d4 d5 3. e5 c5 4. c3 Nc6 5. Nf3 Qb6 6. Be2 cxd4 7. cxd4 Nge7 8. Na3
Nf5 9. Nc2 Bd7 10. O-O Be7 11. b3 a5 12. Rb1 O-O 13. a3 f6 14. exf6 Bxf6 15.
Bb2 g6 16. g4 Nh4 17. Nxh4 Bxh4 18. Qd3 Bg5 19. Ne1 Rf7 20. Nf3 Bf4 21. Kg2
Raf8 22. h3 Na7 23. a4 Nc6 24. Ne1 e5 25. dxe5 Nxe5 26. Qd4 Qf6 27. Nd3 Bc6 28.
Nxf4 Qxf4 29. Qxf4 d4+ 30. Bf3 Bxf3+ 31. Qxf3 Nxf3 32. Rbd1 Nh4+ 33. Kg3 g5 34.
Bxd4 Rf3+ 35. Kh2 Rxb3 36. Be3 Rb4 37. Bc5 Rxa4 38. Bxf8 Kxf8 39. Rb1 Nf3+ 40.
Kg2 Nd2 41. Ra1 Rb4 42. Rfd1 Nb3 43. Ra3 b5 44. Rd7 a4 45. Rxh7 Rc4 46. Rb7 Rc5
47. f3 Ke8 48. Ra2 Nd4 49. Rd2 Nc6 50. f4 gxf4 51. h4 b4 52. h5 b3 53. h6 Ne5
54. h7 Ng6 55. Rdd7 Rc2+ 56. Kf3 Rh2 57. Rg7 1-0

[Event "Frankfurt Ch 2010"]
[Site "Ffm-Kalbach, LAZ"]
[Date "2010.06.14"]
[Round "7.16"]
[White "Geringer, Waldemar"]
[Black "Koch, Markus"]
[Result "0-1"]
[WhiteElo "1949"]
[BlackElo "2045"]
[PlyCount "104"]
[EventDate "2010.??.??"]
[SourceDate "2009.03.13"]
[WhiteTeam "SC 1950 Eppertshausen"]
[BlackTeam "SC Brett vor'm Kopp Ffm"]

1. d4 Nf6 2. c4 e6 3. Nf3 Bb4+ 4. Bd2 Qe7 5. a3 Bxd2+ 6. Qxd2 a5 7. g3 d6 8.
Bg2 O-O 9. O-O e5 10. Nc3 Na6 11. e4 Bg4 12. Rae1 Rfe8 13. dxe5 dxe5 14. Nd5
Nxd5 15. exd5 Bxf3 16. Bxf3 Nc5 17. Qe3 a4 18. Be4 g6 19. f4 f5 20. Bxf5 gxf5
21. fxe5 Rf8 22. Rf4 Ne4 23. Qd4 Rae8 24. e6 Qg7 25. Qxg7+ Kxg7 26. Ref1 b6 27.
g4 Nd6 28. gxf5 Kf6 29. Rh4 Re7 30. Rhf4 Rg8+ 31. Kh1 Rg5 32. c5 bxc5 33. Rxa4
Rxf5 34. Rd1 c4 35. Ra8 Ke5 36. a4 Rg7 37. a5 Ne4 38. Re1 Kxd5 39. h3 Re5 40.
Kh2 Ng5 41. Rxe5+ Kxe5 42. h4 Nxe6 43. a6 c5 44. a7 Rb7 45. Kg3 h5 46. Kf3 Rb3+
47. Ke2 Rxb2+ 48. Kd1 Ra2 49. Kc1 c3 50. Kb1 c2+ 51. Kxa2 c1=Q 52. Re8 Qc4+ 0-1

[Event "Frankfurt Ch 2010"]
[Site "Ffm-Kalbach, LAZ"]
[Date "2010.06.14"]
[Round "7.17"]
[White "Orlinski, Wolfgang"]
[Black "Machowitsch, Wolf"]
[Result "0-1"]
[WhiteElo "1967"]
[BlackElo "1987"]
[PlyCount "66"]
[EventDate "2010.??.??"]
[SourceDate "2009.03.13"]
[WhiteTeam "Sfr. Frankfurt 1921"]
[BlackTeam "SV 1934 Ffm-Griesheim"]

1. c4 e5 2. Nc3 Nc6 3. g3 g6 4. Bg2 Bg7 5. e3 d6 6. Nge2 f5 7. d3 Nf6 8. O-O
O-O 9. Rb1 Ne7 10. f4 c6 11. h3 Qc7 12. e4 Be6 13. Qc2 Rac8 14. Be3 b5 15. c5
fxe4 16. cxd6 Qxd6 17. Nxe4 Nxe4 18. dxe4 c5 19. Nc3 exf4 20. gxf4 Bd4 21. Bxd4
cxd4 22. Qd1 Qb6 23. Nd5 Nxd5 24. exd5 Bf5 25. Rc1 d3+ 26. Kh1 Qd4 27. Qd2 Rxc1
28. Rxc1 Re8 29. Rf1 b4 30. Rf2 Rc8 31. Qe1 Kf7 32. a3 Rc2 33. d6 Qxd6 0-1

[Event "Frankfurt Ch 2010"]
[Site "Ffm-Kalbach, LAZ"]
[Date "2010.06.14"]
[Round "7.18"]
[White "Noblé, Alexander"]
[Black "Braunberger, Gerald"]
[Result "1/2-1/2"]
[WhiteElo "2045"]
[BlackElo "1902"]
[PlyCount "120"]
[EventDate "2010.??.??"]
[SourceDate "2009.03.13"]
[WhiteTeam "SC Bad Nauheim"]
[BlackTeam "Chess Tigers SFV"]

1. e4 Nf6 2. Nc3 e5 3. f4 d5 4. exd5 Nxd5 5. Qh5 Nxf4 6. Qxe5+ Ne6 7. Nf3 Bd6
8. Qb5+ c6 9. Qc4 O-O 10. d4 Re8 11. Be2 Nf4 12. Bxf4 Bxf4 13. O-O Be6 14. Qd3
Qc7 15. g3 Bh6 16. Ne5 Nd7 17. Nxd7 Qxd7 18. Bf3 Bh3 19. Rfe1 Rxe1+ 20. Rxe1
Re8 21. Re4 Rxe4 22. Bxe4 g6 23. Ne2 Bg4 24. Nf4 Qd6 25. Ng2 Qb4 26. Qc3 Qxc3
27. bxc3 Be6 28. a4 Bd2 29. Kf2 Bxc3 30. Ke3 Bc4 31. Nf4 f5 32. Bf3 Bb2 33. Nd3
Bxd3 34. Kxd3 Kg7 35. c4 Kf6 36. a5 g5 37. a6 bxa6 38. Bxc6 Ke6 39. c5 f4 40.
gxf4 gxf4 41. Ke4 Bc1 42. d5+ Ke7 43. d6+ Kd8 44. Kd4 Ba3 45. Bf3 Kd7 46. Kd5
Bxc5 47. Bg4+ Kd8 48. Kxc5 a5 49. Kb5 a4 50. Kxa4 f3 51. Bxf3 Kd7 52. Ka5 Kxd6
53. Ka6 Ke5 54. Kxa7 Kf4 55. Bc6 h5 56. Kb7 Kg5 57. Kc7 Kh6 58. Be4 Kg7 59. Kd6
Kh8 60. Ke6 h4 1/2-1/2

[Event "Frankfurt Ch 2010"]
[Site "Ffm-Kalbach, LAZ"]
[Date "2010.06.14"]
[Round "7.19"]
[White "Guth, Thomas"]
[Black "Zimmer, Gerald"]
[Result "1-0"]
[WhiteElo "2282"]
[BlackElo "1779"]
[PlyCount "83"]
[EventDate "2010.??.??"]
[SourceDate "2009.03.13"]
[WhiteTeam "SC Rotation Pankow"]
[BlackTeam "SC Bergen-Enkheim 1922"]

1. e4 e6 2. d4 d5 3. e5 c5 4. c3 Nc6 5. Nf3 Qb6 6. Bd3 Bd7 7. dxc5 Bxc5 8. O-O
f6 9. b4 Be7 10. b5 Nxe5 11. Nxe5 fxe5 12. Qh5+ Kf8 13. Qxe5 Bf6 14. Qg3 Rc8
15. a4 Ne7 16. Bf4 Kf7 17. a5 Qd8 18. Be3 Qe8 19. b6 a6 20. Bd4 Bb5 21. Re1
Bxd3 22. Qxd3 Nf5 23. Nd2 Nd6 24. Qh3 Nb5 25. Bxf6 gxf6 26. Qh5+ Kg7 27. Qg4+
Kf7 28. c4 dxc4 29. Nxc4 Rg8 30. Qe4 Qc6 31. Qxh7+ Rg7 32. Qh5+ Rg6 33. Ne3 Nd4
34. Red1 Qe4 35. Qh7+ Ke8 36. Qh8+ Kd7 37. Rxd4+ Qxd4 38. Qh7+ Kc6 39. Rc1+ Kb5
40. Rxc8 Qa1+ 41. Nf1 Qb1 42. Qxb7 1-0

[Event "Frankfurt Ch 2010"]
[Site "Ffm-Kalbach, LAZ"]
[Date "2010.06.14"]
[Round "7.20"]
[White "Reschke, Thomas"]
[Black "Machlin, Maxim"]
[Result "1-0"]
[WhiteElo "2184"]
[BlackElo "1933"]
[PlyCount "37"]
[EventDate "2010.??.??"]
[SourceDate "2009.03.13"]
[WhiteTeam "SC Frankfurt-West"]
[BlackTeam "SK 1858 Gießen"]

1. c4 e5 2. g3 Nf6 3. Bg2 c6 4. d4 exd4 5. Qxd4 d5 6. Nc3 dxc4 7. Qxc4 Be6 8.
Qa4 Nbd7 9. Nf3 Nc5 10. Qc2 Qa5 11. O-O Nb3 12. Rb1 Nxc1 13. Rbxc1 O-O-O 14. a3
h6 15. b4 Qxa3 16. b5 Qc5 17. bxc6 bxc6 18. Qa4 Qb4 19. Qxc6+ 1-0

[Event "Frankfurt Ch 2010"]
[Site "Ffm-Kalbach, LAZ"]
[Date "2010.06.14"]
[Round "7.21"]
[White "Thomele, Michael"]
[Black "Holzschuh, Gerald"]
[Result "1-0"]
[WhiteElo "1827"]
[BlackElo "2139"]
[PlyCount "83"]
[EventDate "2010.??.??"]
[SourceDate "2009.03.13"]
[WhiteTeam "SC 1959 Obernau"]
[BlackTeam "SC Bad Nauheim"]

1. e4 d6 2. d4 Nf6 3. Nc3 g6 4. Be3 c6 5. f3 b5 6. Qd2 Nbd7 7. h4 Nb6 8. b3 Qc7
9. Nh3 a5 10. Ne2 a4 11. Kf2 e5 12. Ng3 Be7 13. dxe5 dxe5 14. Bd3 Bxh3 15. Rxh3
Nfd7 16. Qc3 b4 17. Qe1 Nc5 18. Be2 Ne6 19. h5 Nf4 20. Rh1 Rd8 21. hxg6 fxg6
22. Rd1 Rxd1 23. Qxd1 h5 24. Bf1 O-O 25. Ne2 Ne6 26. c3 Nc5 27. cxb4 Rd8 28.
Qb1 Nd3+ 29. Kg1 a3 30. Nc3 Nxb4 31. Qe1 Nc2 32. Qg3 Kh7 33. Bf2 Nd7 34. Qh3
Qa5 35. Qe6 Bc5 36. Nd1 Bxf2+ 37. Nxf2 Qc5 38. g4 Nf8 39. Qf7+ Kh6 40. gxh5 Rd7
41. hxg6+ Kg5 42. Qf5# 1-0

[Event "Frankfurt Ch 2010"]
[Site "Ffm-Kalbach, LAZ"]
[Date "2010.06.14"]
[Round "7.22"]
[White "Genis, Roy"]
[Black "Graebner, Walter"]
[Result "0-1"]
[WhiteElo "1947"]
[BlackElo "2053"]
[PlyCount "120"]
[EventDate "2010.??.??"]
[SourceDate "2009.03.13"]
[WhiteTeam "SG 1945 Dietzenbach"]
[BlackTeam "SC 1961 König Nied"]

1. e4 c6 2. d4 d5 3. e5 Bf5 4. Nf3 e6 5. Be2 c5 6. O-O Nc6 7. c3 Qb6 8. dxc5
Bxc5 9. b4 Be7 10. Be3 Qc7 11. Qa4 Kf8 12. Bf4 g5 13. Nxg5 Nxe5 14. Kh1 Bd6 15.
Na3 Nc4 16. Bxd6+ Nxd6 17. Rac1 f6 18. Nf3 e5 19. Nd2 Ne7 20. c4 d4 21. c5 Ne4
22. Nxe4 Bxe4 23. f3 Bd5 24. Bc4 Rg8 25. Qb3 Qd7 26. Nb5 Qxb5 27. Bxd5 Nxd5 28.
Qxd5 Qc6 29. Qxc6 bxc6 30. a4 Rb8 31. Rb1 a6 32. Rb3 Ke7 33. Kg1 Ke6 34. Kf2
Kd5 35. Rc1 f5 36. g3 Rg7 37. Rb2 Rgb7 38. Rcb1 e4 39. a5 h5 40. Ke2 Rg8 41.
Rf1 h4 42. fxe4+ fxe4 43. Rf5+ Kc4 44. Rf1 hxg3 45. hxg3 Rxg3 46. Rc2+ Kb3 47.
Rd2 d3+ 48. Kf2 Rf7+ 49. Kxg3 Rxf1 50. b5 cxb5 51. c6 Rf7 52. Rf2 Rc7 53. Kf4
Rxc6 54. Kxe4 Kc3 55. Kd5 Rh6 56. Ke4 d2 57. Rf3+ Kc2 58. Rf2 Kc1 59. Rf1+ d1=Q
60. Rxd1+ Kxd1 0-1

[Event "Frankfurt Ch 2010"]
[Site "Ffm-Kalbach, LAZ"]
[Date "2010.06.14"]
[Round "7.23"]
[White "Neumann, Manfred"]
[Black "Marzahn, Heiko"]
[Result "0-1"]
[WhiteElo "1761"]
[BlackElo "1984"]
[PlyCount "78"]
[EventDate "2010.??.??"]
[SourceDate "2009.03.13"]
[WhiteTeam "SC 1961 König Nied"]
[BlackTeam "Sfr.Erbach"]

1. Nf3 Nf6 2. c4 g6 3. Nc3 Bg7 4. e4 d6 5. d4 O-O 6. Be2 e5 7. O-O Nc6 8. d5
Ne7 9. Ne1 Nd7 10. Nd3 a5 11. Bg5 f5 12. Rc1 h6 13. Bxe7 Qxe7 14. f3 Nf6 15. a3
c5 16. b4 b6 17. bxc5 bxc5 18. Rb1 Nh5 19. Rb6 Bf6 20. Qb3 Bg5 21. Nb5 fxe4 22.
Rxd6 exd3 23. Rxg6+ Kh8 24. Bxd3 Nf4 25. Rc6 Nxd3 26. Qxd3 Bf5 27. Qe2 Rac8 28.
Ra6 Rcd8 29. Re1 Bf6 30. Qd2 Qg7 31. Ra7 Rd7 32. Ra6 Rg8 33. g3 Bh3 34. Rxe5
Bg5 35. Qe1 Rf7 36. Qe4 Rxf3 37. Qxf3 Qxe5 38. Re6 Qa1+ 39. Kf2 Qf1# 0-1

[Event "Frankfurt Ch 2010"]
[Site "Ffm-Kalbach, LAZ"]
[Date "2010.06.14"]
[Round "7.24"]
[White "Göbel, Andreas"]
[Black "Djakow, Alexander"]
[Result "1-0"]
[WhiteElo "2040"]
[BlackElo "1833"]
[PlyCount "89"]
[EventDate "2010.??.??"]
[SourceDate "2009.03.13"]
[WhiteTeam "SC Brett vor'm Kopp Ffm"]
[BlackTeam "SC Bad Nauheim"]

1. c4 e6 2. Nc3 d5 3. d4 Nf6 4. Bg5 Be7 5. e3 b6 6. Nf3 Bb7 7. cxd5 Nxd5 8.
Bxe7 Qxe7 9. Rc1 c6 10. Bd3 Nd7 11. Qe2 Nb4 12. Bc4 O-O 13. O-O e5 14. a3 exd4
15. Nxd4 c5 16. Nf5 Qg5 17. e4 Nc6 18. f4 Qd8 19. Rcd1 Nd4 20. Nxd4 cxd4 21.
Rxd4 Qe7 22. Rfd1 Bc6 23. Bd5 Nb8 24. Qc4 Rc8 25. Bxf7+ Kf8 26. Qe6 Na6 27.
Qxe7+ Kxe7 28. Bd5 Nc5 29. f5 a5 30. b4 axb4 31. axb4 Na4 32. Bxc6 Nxc3 33.
Rd7+ Kf6 34. R1d6+ Ke5 35. Bxa8 Rxa8 36. Re6+ Kf4 37. h3 Ra1+ 38. Kh2 Ke3 39.
Rxg7 Nd1 40. Rg3+ Ke2 41. Rf3 Nf2 42. Rxf2+ Kxf2 43. Re7 Rg1 44. Rg7 Re1 45.
Rg3 1-0